El manual del audio en los medios de comunicación.

Saved in:
Bibliographic Details
Main Author: Alten, Stanley R. (autor)
Format: Book
Published: Andoáin, España: Escuela de Cine y Video, 1994.
Subjects:
Tags: Add Tag
No Tags, Be the first to tag this record!

MARC

LEADER 00000nam a22000007a 4500
003 CL-VaPUC
005 20250407202454.0
008 250319t1994 ||||| |||| 00| 0 eng d
999 |c 447464  |d 447462 
020 |a 84-920486-0-3 
040 |c Pontificia Universidad Católica de Valparaíso 
082 |a 621.3828 ALT 1994 
100 |9 897132  |a Alten, Stanley R.  |e autor 
245 |a El manual del audio en los medios de comunicación. 
260 |a Andoáin, España:  |b Escuela de Cine y Video,  |c 1994. 
300 |a xviii, 652 páginas:  |b ilustraciones. 
500 |a c.1-c.2. Instituto Arcos.08-01-2025. 
583 |c 20250319  |k Gabriela Rodríguez Cuevas 
650 0 |9 367259  |a Sonidos  |x Grabación y reproducción 
650 0 |9 367259  |a Sonidos  |x Equipos y accesorios 
650 0 |9 257206  |a Medios de comunicación  |x Transmisión sonora  
942 |2 ddc  |c BK  |n 0 
952 |0 0  |1 0  |2 ddc  |4 0  |6 621_382800000000000_ALT_1994  |7 0  |8 A  |9 601521  |a BIBINC  |b BIBINC  |d 2025-03-19  |e Instituto Arcos  |i 5666349  |o 621.3828 ALT 1994  |p 5666349  |r 2025-03-19  |t 1  |w 2025-03-19  |y BK  |k IFP 
952 |0 0  |1 0  |2 ddc  |4 0  |6 621_382800000000000_ALT_1994  |7 0  |8 A  |9 601522  |a BIBINC  |b BIBINC  |d 2025-03-19  |e Instituto Arcos  |i 5666350  |o 621.3828 ALT 1994  |p 5666350  |r 2025-03-19  |t 2  |w 2025-03-19  |y BK  |k IFP